000
00269nam a22001217a 4500
008
170601b xxu||||| |||| 00| 0 eng d
041
_a
eng
080
_a
93
100
_a
17
101
_a
SHH
245
_a
COLLECTED LETTERS 1874-1897
_c
LAURENCE, D.H
942
_2
udc
_c
BK
999
_c
15273
_d
15273